Statistics for All Cities in Indiana

Click here to take the quiz!

General Stats

  • This quiz has been taken 92 times
  • The average score is 36 of 120

Answer Stats

RankAnswer% Correct
1Indianapolis
100%
2Fort Wayne
92%
9Gary
89%
3Evansville
85%
4South Bend
84%
7Bloomington
82%
10Lafayette
77%
5Carmel
74%
14Kokomo
74%
11Muncie
69%
6Fishers
66%
13Terre Haute
64%
16Anderson
61%
22West Lafayette
61%
17Elkhart
59%
8Hammond
57%
12Noblesville
57%
29Michigan City
51%
21Columbus
48%
58Peru
46%
27Valparaiso
46%
19Lawrence
43%
15Greenwood
41%
25New Albany
41%
20Jeffersonville
39%
47Jasper
38%
18Mishawaka
38%
26Richmond
38%
40Vincennes
38%
66Angola
36%
33East Chicago
36%
28Goshen
36%
56Madison
36%
30Crown Point
34%
31Marion
34%
38Shelbyville
34%
53Washington
34%
23Westfield
34%
59Greencastle
33%
44Lebanon
33%
70Brazil
31%
43Crawfordsville
31%
42Huntington
31%
36La Porte
31%
37Seymour
31%
60Wabash
31%
34Franklin
30%
41New Castle
30%
24Portage
30%
51Auburn
28%
35Greenfield
28%
55Greensburg
28%
39Logansport
28%
64Decatur
26%
57Martinsville
26%
80Portland
26%
48Beech Grove
25%
85Gas City
25%
67Princeton
25%
71Tell City
25%
89Tipton
25%
49Warsaw
25%
52Connersville
23%
45Frankfort
23%
90Lawrenceburg
23%
73Scottsburg
23%
50Bedford
21%
32Hobart
21%
62Plymouth
21%
79Salem
21%
61Bluffton
20%
78Boonville
20%
65Columbia City
20%
76Mount Vernon
20%
84Rensselaer
20%
92Whiting
20%
86Hartford City
18%
102Knox
18%
88Linton
18%
97Mitchell
18%
74North Vernon
18%
112Petersburg
18%
83Rochester
18%
82Rushville
18%
100Sullivan
18%
104Attica
16%
93Clinton
16%
94Winchester
16%
98Berne
15%
69Charlestown
15%
63Kendallville
15%
46New Haven
15%
110Oakland City
15%
113Rockport
15%
99Austin
13%
75Batesville
13%
109Covington
13%
105Delphi
13%
68Elwood
13%
81Huntingburg
13%
96Ligonier
13%
106Bicknell
11%
108Butler
11%
95Greendale
11%
54Lake Station
11%
107Loogootee
11%
72Nappanee
11%
114Rising Sun
11%
103Union City
11%
91Alexandria
10%
87Monticello
10%
77Garrett
8%
116Southport
8%
120Cannelton
7%
111Dunkirk
7%
115Jasonville
7%
118Jonesboro
5%
117Montpelier
5%
119Woodburn
5%
101Auora
0%

Score Distribution

Percentile by Number Answered

Percent of People with Each Score

Your Score History

You have not taken this quiz